000 00472nam a2200205Ia 4500
999 _c36895
_d36895
001 2846
003 GE_BSU
005 20190612150706.0
008 181216s2004||||fr |||||||||||||| ||fre||
020 _a2747562034
040 _cGE_BSU
041 _afre
080 _a1(44)
100 _aBrankel, Jürgen
_92400
245 _aKant et La Faculte de juger.
260 _c2004
300 _a135 p.;
_b22 см.
653 _aფილოსოფია
942 _cBK
_2udc